[Event "LTU-ch"]
[Site "Vilnius"]
[Date "2002.05.17"]
[Round "1"]
[White "Malisauskas, Vidmantas"]
[Black "Asauskas, Henrikas"]
[Result "1-0"]
[WhiteElo "2514"]
[BlackElo "2384"]
[Annotator "Mueller,Karsten"]
[PlyCount "41"]
[EventDate "2002.05.17"]
[EventType "tourn"]
[EventRounds "11"]
[EventCountry "LTU"]
[EventCategory "9"]
[SourceTitle "CBM 090"]
[Source "ChessBase"]
[SourceDate "2002.09.20"]
[SourceVersion "1"]
[SourceVersionDate "2002.09.20"]
[SourceQuality "1"]

1. e4 c5 2. Nf3 d6 3. d4 cxd4 4. Qxd4 Bd7 5. c4 Nc6 6. Qd2 g6 7. b3 Bg7 8. Bb2
Nf6 9. Nc3 O-O 10. Be2 Qa5 11. Rb1 a6 {an dieser Stelle wurden bereits viele
Züge versucht. Mit ...a6 bringt Schwarz die Möglichkeit ...b5 ins Spiel, läuft
aber das Risiko, sich selbst auf b6 eine Schwäche geschaffen zu haben.} 12. a3
(12. O-O $6 b5 13. a3 b4 14. Nd5 $2 (14. axb4 Qxb4 $11) 14... Nxe4 15. Qe3 Bxb2
16. axb4 Qa2 $17 {0-1 Andersson,U-Najdorf,M/Hastings 1971/MCD-r7 (35)}) 12...
Rfc8 (12... Bg4 13. O-O (13. Nd5 Qxd2+ 14. Nxd2 Bxe2 15. Kxe2 Nd7 16. Bxg7 {
1/2-1/2 Csom,I-Olafsson,F/Athens zt 1969/MCD-r6 (16)}) 13... b5 14. cxb5 axb5
15. b4 Qb6 16. Rfe1 Bxf3 17. Bxf3 Nd4 18. Be2 e5 19. Bd3 $14 {1-0 Peters,
J-Davis,T/Los Angeles USA 2000/The Week in Chess 297 (42). (41)}) (12... b5 13.
b4 Qb6 14. cxb5 (14. Nd5 Nxd5 15. exd5 Nb8 $6 16. Bxg7 Kxg7 17. Qc3+ Kg8 18. c5
$14 {0-1 Vogelmann,P-Ueter,H/BL2-W 1990/BL2 (44)}) 14... axb5 15. O-O $14 {
1-0 Vasiukov,E-Zheliandinov,V/Kharkov 1967/URS-ch (31)}) 13. b4 $5 (13. O-O Bg4
(13... Rab8 14. h3 Be6 (14... Qc5 $6 15. b4 Qa7 16. c5 $1 Ne8 17. Nd5 Bxb2 18.
Rxb2 dxc5 19. Qh6 f6 20. Nxe7+ {1-0 Ciocaltea,V-Csom,I/Vrnjacka Banja 1972/Inf
13 (20)}) 15. b4 Qd8 16. Qe3 Nd7 17. Nd5 Bxb2 18. Rxb2 Nce5 19. Nxe5 Nxe5 20.
Rc1 $14 {1/2-1/2 Vasiukov,E-Pytel,K/Polanica Zdroj 1972/MCL 05 (42). (42)}) 14.
Rfe1 (14. Qe3 {1/2-1/2 Lanc,A-Votruba,P/Czestochowa 1981/MCD-r8 (14)}) 14...
Bxf3 15. Bxf3 Rab8 16. Be2 Ne5 17. f4 Qb6+ 18. Kh1 Neg4 19. Bxg4 Nxg4 20. h3
Nf6 21. Nd5 $14 {1-0 Tal,M-Jakobsen,O/Skopje olm 1972/MCD-ol (44)}) (13. h3 $6
{lässt} b5 {zu.}) 13... Qd8 14. h3 a5 $6 {dieser Versuch, Gegenspiel zu
erlangen, wirkt nicht sehr überzeugend, weil er nicht gut zur momentanen
Aufstellung der schwarzen Figuren passt.} (14... Be6 15. Qe3 Nd7 $14) 15. b5
Ne5 $2 {die entstehende Struktur ist ungünstig für Schwarz, weil das weiße
Spiel am Damenflügel in Verbindung mit Sd5 viel an Dynamik gewinnt, während
den schwarzen Leichtfiguren Möglichkeiten genommen werden.} (15... Nb8 $142 $14
) 16. Nxe5 dxe5 17. Qe3 a4 18. O-O Be6 19. Rfd1 Qc7 $6 (19... Qa5 20. Nd5 Bxd5
(20... Nxd5 $2 21. exd5 Bf5 22. Rbc1 Qc7 23. c5 $18) 21. exd5 Nd7 22. d6 Qd8
$16) (19... Nd7 20. Nd5 Bxd5 21. Rxd5 Qc7 22. Rc1 $14 {/+/-}) 20. b6 Qc5 $4 {
[%mdl 8192] läuft direkt ins offene Messer} ({Die schwarze Lage war allerdings
ohnehin sehr schlecht, z.B.} 20... Qb8 21. c5 Bb3 22. Rdc1 h5 23. Nb5 Kh7 24.
Nc7 Bh6 25. Qf3 $18) 21. Rd8+ (21. Rd8+ Rxd8 (21... Bf8 22. Qxc5 Rxc5 23. Rxa8
$18) 22. Qxc5 $18) 1-0

[Event "Griesheim GM 3rd"]
[Site "Griesheim"]
[Date "2003.02.04"]
[Round "7"]
[White "Krivoshey, Sergei"]
[Black "Kunin, Vitaly L"]
[Result "1-0"]
[WhiteElo "2503"]
[BlackElo "2476"]
[Annotator "Mueller,Karsten"]
[PlyCount "81"]
[EventDate "2003.01.29"]
[EventType "tourn"]
[EventRounds "9"]
[EventCountry "GER"]
[EventCategory "11"]
[SourceTitle "CBM 094"]
[Source "ChessBase"]
[SourceDate "2003.05.26"]
[SourceVersion "1"]
[SourceVersionDate "2003.05.26"]
[SourceQuality "1"]

1. e4 c5 2. Nf3 d6 3. d4 cxd4 4. Qxd4 Nc6 5. Bb5 Bd7 6. Bxc6 Bxc6 7. Nc3 Nf6 8.
Bg5 e6 9. O-O-O Be7 10. Qd3 Qa5 11. h4 O-O 12. Nd4 Rfc8 13. f4 Rab8 14. f5 b5
15. fxe6 fxe6 16. Nxe6 (16. Kb1 b4 17. Nxc6 Rxc6 18. Ne2 h6 $2 (18... b3 $13)
19. Qb3 $16 {[%cal Ge2d4,Gd4c6,Gd4e6] 1-0 Kamsky,G-Shirov,A/Monte Carlo 1995/
CBM 46 ext (33)}) (16. Nxc6 $5 {macht einen sehr interessanten Eindruck, z.B.}
Rxc6 17. Nd5 Qd8 (17... exd5 $6 18. Bxf6 Bxf6 19. Qxd5+ Kh8 20. Qxc6 Qxa2 21.
c3 Be5 22. Qd5 $14) (17... Nxd5 18. exd5 Rc7 19. Kb1 $14) 18. Kb1 Rbc8 19.
Nxf6+ gxf6 20. Qh3 Kf7 21. Rhf1 Rxc2 22. e5 $40 {Praktische Tests sind gefragt!
}) 16... b4 17. Bxf6 Bxf6 18. Nd5 Bxd5 (18... Qxa2 $2 19. Nxf6+ Kh8 (19... gxf6
20. Qg3+ Kf7 21. Rxd6 Ke7 22. Nd4 $18) 20. Nd5 $18) 19. Qxd5 (19. exd5 $2 Qxa2
20. Kd2 Qxb2 $19 {0-1 Ambroz,J-Danek,L/Frenstat 1982/MCD (32). (32)}) 19... b3
20. axb3 (20. Qxa5 $2 Rxc2+ 21. Kb1 Rxb2+ 22. Kc1 Rc8+ 23. Nc7 bxa2 24. Rdf1
Rxc7+ 25. Kd1 Rcb7 {ist für Weiß gefährlich.}) 20... Rb5 21. Qd3 Rc3 $2 (21...
Re5 $1 22. Nf4 Rec5 23. Kb1 Rxc2 24. Qd5+ Qxd5 25. Nxd5 Rxb2+ 26. Ka1 Rxb3+ 27.
Nxf6+ gxf6 28. Rxd6 $15) (21... Qa1+ 22. Kd2 Qxb2 $2 (22... Qa5+ $5) 23. Qxb5 {
geht wohl zu weit.}) 22. Qxd6 Rc8 {das Eingeständnis des Scheiterns} (22...
Qa1+ $2 23. Kd2 Rxc2+ 24. Ke3 Rxb3+ 25. Rd3 Rxd3+ 26. Kxd3 Rd2+ 27. Kxd2 Qxb2+
28. Ke3 $18) 23. Nd4 Rd8 $6 (23... Re5 24. Kb1 Rxe4 25. Nc6 Qf5 26. Rhf1 $16)
24. Qe6+ (24. Qxd8+ $5) 24... Kh8 25. Kb1 Rbb8 $2 (25... Re5 26. Nc6 Rxe6 27.
Nxa5 Rxe4 $16 {/+-}) 26. Nc6 $18 Rxd1+ 27. Rxd1 Qb6 28. e5 Bxh4 29. Qc4 (29.
Rh1 $18) 29... Re8 30. Qxh4 Qxc6 31. Rd8 h6 32. Qc4 Qxc4 $6 (32... Qg6 {
war zäher, verliert langfristig aber auch, z.B.} 33. Rxe8+ Qxe8 34. Qd5 $18 {
[%cal Gc2c8]}) 33. Rxe8+ Qg8 34. Rxg8+ Kxg8 35. c4 Kf7 36. c5 Ke6 37. c6 a5 38.
Kc2 g6 39. Kd3 Ke7 40. Ke4 Ke6 41. Kd4 1-0

[Event "Chigorin Memorial"]
[Site "St Petersburg"]
[Date "1995.??.??"]
[Round "6"]
[White "Cherniaev, Alexander"]
[Black "Sakaev, Konstantin"]
[Result "1/2-1/2"]
[WhiteElo "2450"]
[BlackElo "2570"]
[Annotator "Nikitin,A"]
[PlyCount "81"]
[EventDate "1995.09.??"]
[EventType "swiss"]
[EventRounds "9"]
[EventCountry "RUS"]
[SourceTitle "EXT 1997"]
[Source "ChessBase"]
[SourceDate "1996.11.15"]
[SourceVersion "1"]
[SourceVersionDate "1996.11.15"]
[SourceQuality "1"]

1. e4 c5 2. Nf3 d6 3. d4 cxd4 4. Qxd4 a6 5. c4 (5. Be3 Nd7 6. c4) (5. Bg5 Nc6
6. Qd2 g6 7. c4 Bg7 8. Nc3 Nf6 9. Be2 O-O 10. O-O) 5... Nc6 6. Qd2 g6 7. Nc3
Bg7 8. b3 Nf6 9. Bb2 O-O 10. Be2 (10. Bd3 Bg4 11. Qe3 Bxf3 12. Qxf3 Ne5 13. Qe2
Nxd3+ 14. Qxd3 Nd7 $10) 10... Qa5 $1 11. Nd5 (11. O-O $2 Nxe4 $1 $17) (11. Rd1
b5 12. cxb5 axb5 13. Bxb5 Nxe4 14. Nxe4 Qxb5 15. Bxg7 Kxg7 $17) (11. a3 $5 b5
12. b4 Qb6 13. Nd5 Nxd5 14. cxd5 Bxb2 15. Qxb2 Nb8 16. Rc1 Bb7 17. Nd4 Nd7 18.
Nc6 Rfe8 19. Na5 $14) 11... Qxd2+ 12. Nxd2 Nd7 $1 13. Bxg7 Kxg7 14. Nb1 $6 (14.
O-O-O $5 Nd4 15. Rhe1 b5 16. Kb2 $13) 14... Nd4 15. Kd2 e6 16. Ndc3 $2 (16. Ne3
f5 17. exf5 gxf5 18. Nc3 $10) 16... b5 $1 17. b4 (17. cxb5 axb5 18. Bd1 (18.
Nxb5 $2 Nxb3+ $17) 18... Nc5 $17) (17. Kd3 Nxe2 18. Kxe2 bxc4 19. bxc4 Rb8 $15)
17... bxc4 18. Na3 Ne5 19. Bxc4 f5 $1 20. exf5 Rxf5 21. f3 a5 $1 22. b5 Nxc4+
23. Nxc4 Nxb5 24. Nxb5 Rxb5 $17 25. Ke3 Ba6 (25... d5 26. Ne5 (26. Nd6 $2 Rb6
$1 27. Nxc8 Rxc8 $17) 26... Rb2 27. g3 Ba6 $17) 26. Nxd6 Rb2 27. Rac1 Ra7 (
27... Rxg2 28. Rc7+ Kg8 29. Ne4 Rf8 $17) 28. g4 Rxa2 29. h4 e5 (29... Rd7 30.
Rc6 Re2+ 31. Kf4 Bb7 $17) 30. Rhe1 $1 $8 Rd7 31. Rcd1 Kf8 32. Ke4 Ke7 (32...
Be2 33. Rd5 Ra4+ 34. Ke3 Bc4 35. Rd2 Bb3 36. Rb1 Rb4 $17) 33. Kxe5 Re2+ 34.
Rxe2 Bxe2 35. Rd4 Bxf3 36. g5 Bc6 (36... a4 37. Nc8+ Kd8 38. Rxd7+ Kxd7 39.
Nb6+ $10) 37. Nc8+ Kd8 38. Nd6 Ke7 $2 $138 (38... a4 39. Nc4 (39. Ke6 Kc7 40.
Ne8+ Kb6 41. Rxd7 Bxd7+ 42. Kxd7 a3 $19) 39... Kc7 40. Rxd7+ Bxd7 $15) 39. Nc8+
Kd8 40. Nd6 Kc7 41. Ne8+ 1/2-1/2

[Event "Belgrade RAD 30"]
[Site "Belgrade"]
[Date "1977.01.28"]
[Round "11.3"]
[White "Sax, Gyula"]
[Black "Suetin, Alexey S"]
[Result "1-0"]
[WhiteElo "2565"]
[BlackElo "2525"]
[Annotator "Primel,D"]
[PlyCount "80"]
[EventDate "1977.01.15"]
[EventType "tourn"]
[EventRounds "13"]
[EventCountry "SRB"]
[EventCategory "9"]
[SourceTitle "EXT 2018"]
[Source "ChessBase"]
[SourceDate "2017.10.13"]
[SourceVersion "1"]
[SourceVersionDate "2017.10.13"]
[SourceQuality "1"]
[TimeControl "40/9000:16/5400:0"]

1. e4 c5 2. Nf3 d6 3. d4 cxd4 4. Qxd4 Bd7 5. c4 Nc6 6. Qd2 (6. Qd1) (6. Qe3)
6... g6 7. b3 (7. Nc3 Nf6 (7... Bh6 8. Qd1 Bg7 {[%cal Gg7c3]} 9. Bd2 Nf6 10.
Be2)) 7... Bg7 8. Bb2 Nf6 9. Nc3 O-O 10. h3 (10. Be2) (10. Bd3 Bg4) 10... Qa5
11. Bd3 Rad8 $146 (11... Nh5 12. O-O (12. a3 {[%cal Gb3b4]} Nf4 13. b4 Nxd3+
14. Qxd3 Nxb4 15. axb4) 12... f5 13. a3 fxe4 14. b4 Qd8 15. Bxe4 Nf6 16. Bd3
Kh8 17. Nd5 e5 18. Nxf6 Rxf6 19. Be4 Qc7 20. Rad1 Bf5 21. Rfe1 Raf8 22. Bxf5
gxf5 23. c5 dxc5 24. Nxe5 Re6 25. Nd7 Rxe1+ 26. Rxe1 {Bednarski,J-Saidy,A
Polanica Zdroj 1969 1-0 (47)}) (11... Nh5 12. O-O Nf4 13. Qxf4 Bxc3 14. Bxc3
Qxc3 15. Rad1 a5 16. e5 Nxe5 17. Nxe5 dxe5 18. Qh4 Bc6 19. Be4 Rad8 20. Bxc6
bxc6 {1/2-1/2 (20) Damjanovic,M-Soltis,A Reggio Emilia 1970}) (11... a6 12. O-O
Rfc8 13. Rfd1 Rab8 14. Nd5 Qxd2 15. Rxd2 Nxd5 16. Bxg7 Kxg7 17. exd5 Nb4 18.
Re1 Kf8 19. Bb1 a5 20. Rde2 {1/2-1/2 (20) Sommerville,J-Blackstock,L Blackpool
1971}) 12. O-O Bc8 13. Rad1 {[%cal Gd3b1]} Nd7 $5 $132 {[%cal Gg7c3,Ga5a2]} 14.
a3 Nde5 15. Nxe5 dxe5 16. b4 (16. Qc1) 16... Qc7 17. c5 $14 {[%cal Gc3d5]} Be6
18. Qc2 a6 19. Nd5 $1 Bxd5 20. exd5 Nd4 (20... Rxd5 21. Bc4 $44) 21. Qc4 Qd7
22. c6 $1 bxc6 23. dxc6 Nxc6 24. Qxa6 {[%csl Gb4,Rd7]} Nd4 {[%csl Gd4]} 25. Qc4
Rc8 26. Qa2 Rfd8 $36 27. a4 Ra8 28. a5 Qb7 29. Bxd4 $1 {Eliminant le meilleur
défenseur des Noirs.} Rxd4 30. b5 {[%csl Ga5,Gb5]} e6 31. Be2 e4 32. Rb1 Rd5
33. Bc4 Rc5 34. Rfd1 Bc3 35. a6 $40 Qb6 36. Rd7 Be5 37. Qe2 Rxa6 38. bxa6 Qxb1+
39. Rd1 Qb6 40. Qxe4 Bc7 1-0

[Event "POL-chT 66th"]
[Site "Katowice"]
[Date "2010.09.06"]
[Round "3"]
[White "Macieja, Bartlomiej"]
[Black "Navara, David"]
[Result "1/2-1/2"]
[WhiteElo "2649"]
[BlackElo "2722"]
[Annotator "Primel,D"]
[PlyCount "61"]
[EventDate "2010.09.04"]
[EventType "team-tourn"]
[EventRounds "9"]
[EventCountry "POL"]
[SourceTitle "EXT 2016"]
[Source "ChessBase"]
[SourceDate "2015.10.08"]
[SourceVersion "1"]
[SourceVersionDate "2015.10.08"]
[SourceQuality "1"]
[WhiteTeam "Wroclaw AZS WSB"]
[BlackTeam "Katowice Szopienice"]
[WhiteTeamCountry "POL"]
[BlackTeamCountry "POL"]

1. e4 c5 2. Nf3 d6 3. d4 cxd4 4. Qxd4 {La solide variante hongroise qui donne
un petit avantage d'espace aux Blancs au détriment de la paire de B} (4. Nxd4)
4... Nc6 5. Bb5 Bd7 6. Bxc6 Bxc6 7. Nc3 (7. c4 Nf6 (7... f5) 8. Nc3 g6 9. O-O
Bg7 10. Qd3) (7. Bg5 h6 8. Bh4 {Megaranto,S (2527)-Obodchuk,A (2372) Tromso ol
(Men) 41st 2014 (3.1) 1/2}) 7... Nf6 8. Bg5 e6 9. O-O-O {[%csl Rd6]} (9. O-O
$143 {est moins dans l'esprit de la position}) 9... Be7 10. Rhe1 (10. Qd3)
10... O-O (10... Qa5 11. Kb1 O-O) 11. Kb1 h6 $5 {les alternatives Qa5 et Qc7
sont plus populaires mais h6 a été joué à haut niveau} (11... Qa5) (11...
Qc7) 12. Bh4 Re8 (12... Qa5 13. g4 g5 14. Bg3 Nxg4 15. Qd2 Qc5 16. Nd4 b5 17.
f4 b4 18. Nd5 exd5 19. exd5 Bxd5 20. Rxe7 Rfe8 21. Rxe8+ Rxe8 22. fxg5 Be4 23.
gxh6 Bg6 24. Re1 Rxe1+ 25. Bxe1 a5 26. b3 Nf6 27. Nf3 Kh7 28. Ng5+ Kg8 29. h4
Ng4 30. Qg2 Nxh6 31. Qf2 Qd5 32. Qd2 Qxd2 33. Bxd2 Nf5 34. Be1 Ne3 35. Kb2 Nxc2
36. Bf2 Na3 37. Nh3 Be4 38. h5 Bc6 39. Bd4 a4 40. Ng5 Nb5 41. Bf6 a3+ 42. Kc1 {
Naiditsch,A (2710)-Areshchenko,A (2708) Kiev 2013 0-1}) 13. Qd3 (13. Qd2 Rc8
14. Nd4 Nxe4 $1 {[%cal Ge4d2,Ge7h4] Les Blancs évitent ce thème en jouant
Qd3 au lieu de Qd2}) 13... Rc8 $11 (13... a6 {[%cal Gb7b5] Bizarrement ce coup
naturel n'a jamais été joué selon les bases}) 14. Nd2 $6 $146 {[%cal Gd2e4,
Gd2b3] Un plan assez douteux car il est très lent et la paire de B des Noirs
peut jouer assez rapidement} (14. Nb5 Bxb5 15. Qxb5 Qc7 16. Qe2 Qb6 17. Ka1 {
1/2-1/2 (17) Morin,S (2366)-Rathbone,J (2217) IECC email 2002}) (14. h3 {
[%cal Gg2g4]} d5 $132 {[%csl Gc6]}) 14... Qc7 15. Nb3 b5 $1 (15... a5 $5 {
[%csl Rb3][%cal Ga5a4]} 16. Bxf6 Bxf6 17. Qxd6 Bxc3 18. Qxc7 Rxc7 19. bxc3 a4
$44 {[%csl Rc3]}) 16. Bxf6 Bxf6 17. Qxd6 Qxd6 (17... Qb6 $5 {[%cal Ga7a5,Ga5a4,
Gf6c3] Les Noirs avaient d'excellentes compensations en gardant les Q} 18. e5
$6 (18. Qg3 a5 (18... Bxc3 19. bxc3 (19. Qxc3 Bxe4) 19... a5 $36 {[%csl Rb1]}))
18... Rcd8 19. Qb4 Rxd1+ 20. Rxd1 Bxe5 $15 {[%csl Gc6,Ge5]}) 18. Rxd6 b4 (18...
Be5 {[%cal Ge5h2,Ge5d6]}) 19. Nd1 Be5 20. Rd2 f5 $1 {[%csl Gc6]} 21. exf5 exf5
22. g3 Be4 $44 {[%csl Ge4]} 23. Nc1 {les deux N bloqués en première rangée
sont complètement dominés par la paire de B} a5 24. Nd3 Bf6 25. f4 Bf3 26.
Kc1 g5 27. Ne3 Be4 28. Nf2 Bf3 29. Nd3 {Les Blancs ne laissent pas passer
l'occasion de répéter la position} Be4 30. Nf2 Bf3 31. Nd3 1/2-1/2

[Event "Belgrade RAD 30"]
[Site "Belgrade"]
[Date "1977.01.29"]
[Round "12.5"]
[White "Suetin, Alexey S"]
[Black "Bukic, Enver"]
[Result "1-0"]
[WhiteElo "2525"]
[BlackElo "2480"]
[Annotator "Primel,D"]
[PlyCount "121"]
[EventDate "1977.01.15"]
[EventType "tourn"]
[EventRounds "13"]
[EventCountry "SRB"]
[EventCategory "9"]
[SourceTitle "EXT 2018"]
[Source "ChessBase"]
[SourceDate "2017.10.13"]
[SourceVersion "1"]
[SourceVersionDate "2017.10.13"]
[SourceQuality "1"]
[TimeControl "40/9000:16/5400:0"]

1. e4 c5 2. Nf3 d6 3. d4 cxd4 4. Qxd4 a6 5. c4 Nc6 6. Qd2 g6 7. b3 Bg7 8. Bb2
Bxb2 9. Qxb2 Nf6 10. h3 Qa5+ $146 (10... O-O 11. Nbd2 Qa5 12. Rb1 b5 13. b4 Qb6
14. a3 Be6 15. cxb5 axb5 16. Be2 Nh5 17. O-O Nf4 18. Bd1 Nd3 19. Qc3 Nce5 20.
Nxe5 Nxe5 21. Be2 Rfc8 22. Qb2 Bc4 23. Nxc4 Nxc4 24. Bxc4 Rxc4 25. Rfe1 {
Sax,G (2565)-Savon,V (2540) Ljubljana 1977 0-1 (41)}) (10... O-O 11. Nc3 Bd7
12. Be2 b5 13. cxb5 axb5 14. Bxb5 Qa5 15. O-O Nxe4 16. Nxe4 Qxb5 17. Rfd1 f6
18. Rac1 Qb7 19. Qd2 Be6 20. Re1 Ne5 21. Nxe5 fxe5 22. Qh6 Bd5 23. Ng5 e6 24.
Rc2 Ra7 25. Rec1 {Diaz,J (2305)-Donner,J (2470) Cienfuegos 1973 1/2-1/2 (52)})
11. Nbd2 Qc5 (11... O-O) 12. a3 {[%cal Gb3b4]} a5 13. Be2 O-O 14. O-O Nh5 {
[%csl Gf4]} 15. b4 $1 Qb6 16. Rfb1 Nf4 (16... axb4 17. axb4 Rxa1 18. Qxa1 Nxb4
$2 19. Qa3) 17. Bf1 axb4 18. axb4 Rxa1 19. Qxa1 e5 20. c5 $1 dxc5 21. Nc4 Qc7
22. bxc5 $14 {[%cal Gc4d6,Gc4b6]} Ne6 23. Qa3 Ncd4 24. Nxd4 exd4 25. Nb6 Kg7 (
25... Qxc5 26. Qxc5 Nxc5 27. Rc1 {[%csl Rc8]}) 26. Rc1 Qe5 27. c6 bxc6 28. Rxc6
Bb7 29. Nd7 Qf4 30. Rxe6 $1 fxe6 31. Nxf8 Qxf8 32. Qa7 Qf7 33. Qxd4+ Qf6 34.
Qd7+ (34. Qxf6+ Kxf6 35. f3 Ke5 36. Kf2 g5) 34... Qf7 35. Qd6 h5 36. Bb5 Kh6
37. f3 Bc8 38. Qd8 Qa7+ 39. Kf1 Qa1+ 40. Kf2 Qb2+ 41. Kg3 Qc3 42. Qf8+ Kh7 43.
Qf7+ Kh6 44. Qf4+ (44. h4 $2 Qe1+) 44... g5 45. Qf8+ Kh7 46. Qd6 Kh6 47. e5
Qe1+ 48. Kh2 Qe3 49. Qf8+ Kh7 50. Qf7+ Kh6 51. Qf6+ Kh7 52. Be8 $40 {[%csl Rc8]
Le Bc8 est hors-jeu} Qf4+ $2 53. Qxf4 gxf4 54. Bxh5 {[%csl Gh3]} Kh6 55. Bg4 (
55. Be8) 55... Kg5 56. g3 fxg3+ 57. Kxg3 $18 {[%cal Gh3h4,Gf3f4]} Bd7 58. h4+
Kg6 59. Kf4 Kf7 60. Kg5 Kg7 61. h5 1-0

[Event "ISR-chT"]
[Site "Israel"]
[Date "1996.??.??"]
[Round "8"]
[White "Soffer, Ram"]
[Black "Psakhis, Lev"]
[Result "1-0"]
[WhiteElo "2530"]
[BlackElo "2610"]
[Annotator "Psakhis,L"]
[PlyCount "69"]
[EventDate "1996.??.??"]
[EventType "team"]
[EventRounds "11"]
[EventCountry "ISR"]
[SourceTitle "CBM 052 Extra"]
[Source "ChessBase"]
[SourceDate "1996.07.01"]
[SourceVersion "1"]
[SourceVersionDate "1996.07.01"]
[SourceQuality "1"]

1. e4 c5 2. Nf3 d6 3. d4 cxd4 4. Qxd4 a6 5. c4 Nc6 6. Qd2 g6 (6... Bg4 7. Be2
g6 8. O-O Rc8 9. b3 Bg7 10. Nc3 Nf6 {Kaminski,M-Ehlvest,J/Polanica Zdroj/1995/
0,5/}) 7. h3 (7. b3 Bg7 8. Bb2 (8. Nc3 $5) 8... Bxb2 9. Qxb2 Nf6 10. h3 O-O 11.
Nc3 Qa5 12. a3 Ne5 13. Nd2 Be6 14. Be2 Nh5 15. g3 f5 $132 {Skripchenko,
A-Grosar,K/Matinhos WJG/1994/0:1/29/}) 7... Bg7 (7... Nf6 8. Nc3 Bg7 9. Bd3 O-O
10. O-O Nd7 11. b3 Nc5 12. Bb2 Nxd3 13. Qxd3 b5 14. cxb5 axb5 $10 {Totsky,
L-Motylev,A/RUS-sf Kazan/1995/1:0/32/}) 8. Bd3 {N} (8. Be2 Bd7 9. O-O Rc8 10.
Nc3 Qa5 11. Nd5 Nf6 12. b4 Nxb4 13. Qxb4 Qxb4 14. Nxb4 Nxe4 15. Ba3 Bxa1 16.
Rxa1 Be6 $15 {Ciric,D-Marjanovic,S/1979/0:1/41/}) 8... Nf6 9. O-O Nd7 $1 10.
Nc3 Nc5 11. Be2 (11. Bc2 b5 $1 12. cxb5 $140 axb5 13. Nxb5 Ba6 $36) 11... f5 $2
(11... O-O $15) 12. exf5 Bxf5 13. Qd1 $1 O-O (13... Bxc3 $5 14. bxc3 Qa5) 14.
Be3 Rc8 (14... Ne4 $6 15. Nxe4 (15. Nd5 Bxb2 16. Rb1 Bg7 17. Rxb7 Rb8 $13)
15... Bxe4 16. Ng5 Bf5 17. Qd5+ e6 18. Nxe6 Ne7 $1 19. Nxd8+ Nxd5 20. Nxb7 Nxe3
21. fxe3 Bxb2 22. Rad1 $16) 15. Nd4 Bd7 (15... Bxd4 16. Bxd4 Nxd4 17. Qxd4 e5
18. Qe3 $14) 16. Qd2 Nxd4 17. Bxd4 Bxd4 18. Qxd4 Ne6 $1 19. Qe3 Nf4 $10 20.
Rfe1 Rc5 $5 21. Bf1 Re5 22. Qd4 $6 (22. Qd2 $5 $10) 22... Ref5 {[%csl Rf2]
[%cal Gf4e6]} 23. Qe3 e5 $6 (23... Bc6 $1 {[%csl Rg2]} 24. g4 (24. g3 Nh5 25.
f4 e5 $1 $40) (24. Qxe7 Qxe7 25. Rxe7 Nxh3+ $1 26. Kh2 (26. gxh3 $2 Rg5+ 27.
Kh2 Rxf2+) 26... Nxf2 $17) 24... Re5 25. Qd2 Rxe1 26. Rxe1 e6 $15) 24. Rad1 Bc6
25. Ne4 Qe7 $2 $138 (25... Bxe4 26. Qxe4 Qb6 27. Rd2) (25... Qh4 26. Qg3 $1 $8
(26. Rxd6 $6 Bxe4 27. Qxe4 (27. g3 Nxh3+ 28. Bxh3 Qxh3 29. Qxe4 Rxf2) 27...
Nxh3+ 28. gxh3 Qxf2+ 29. Kh1 Rg5 (29... Qxe1 30. Qxe1 Rxf1+ 31. Qxf1 Rxf1+ $17)
30. Bg2 Rxg2 31. Qd5+ Kg7 32. Qxe5+ Kh6 33. Qe3+ Qxe3 34. Rxe3 Rxb2 $17) (26.
Ng3 $6 Nxh3+ $1 (26... R5f6 $13) 27. gxh3 Rxf2 (27... Rf3 28. Qe2 Rxf2 29. Qg4
$1) 28. Nh1 (28. Ne4 Bxe4 29. Qxe4 Rxf1+ $19) (28. Qxf2 Rxf2 29. Kxf2 Qf4+ $19)
28... R8f3 $1 $19) (26. g3 $2 Nxh3+) 26... Qe7 $5 $13 (26... Qxg3 27. Nxg3 (27.
fxg3 Bxe4 28. gxf4 Bc6 $10) 27... R5f6 28. c5 dxc5 29. Rxe5 b6 $14)) 26. Nxd6
$1 Rg5 (26... Bxg2 $6 27. Nxf5 Rxf5 28. Bxg2 Rg5 29. Qxf4 $18) 27. g3 Nxh3+ 28.
Bxh3 Rf3 29. Nc8 $1 $18 (29. Qe2 $2 Rgxg3+ 30. fxg3 Rxg3+ 31. Bg2 (31. Kf1 Rxh3
$1) 31... Rxg2+ 32. Qxg2 Bxg2 33. Kxg2 Qg5+) 29... Qf6 30. Qe2 Rgxg3+ 31. fxg3
Rxg3+ 32. Kh2 Rf3 (32... Qh4 33. Ne7+) 33. Qxe5 Qh4 34. Rd8+ Qxd8 35. Be6+ 1-0